00449cam a2200169ua 45000010005000000080039000050400009000440410012000530820012000651000020000772450044000972500009001412600042001503000016001926530041002087000030002494910161021n1987 II |||gr||||Z||||||eng aMAIN aEnglish a808 GOH aGOHAIN , HIREN. aTRADITION AND PARADISE LOSTbPHD THESIS a1ST. aGUWAHATIbUNITED DAS PUBLISHERSc1987 a200:c21CM. aRhetoric & collections of literature aGOHAIN , HIREN.,eAUTHOR.